000
00300nam a22001337a 4500
003
OSt
008
241014b |||||||| |||| 00| 0 eng d
082
_a
633.7106
_b
C27A
100
_a
C T R I Rajmundri
245
_a
Annual report-1980
260
_a
C T R I
_c
1980
300
_a
146
942
_2
ddc
_c
PER
999
_c
46393
_d
46393